000 00334 a2200157 4500
001 60580
020 _a8574210110
040 _cAnchieta - Pituba
100 _aSebben, Andréa
240 1 0 _aIntercâmbio cultural
_lpor
245 1 0 _aIntercâmbio cultural
300 _a128
362 0 _a2001
650 4 _aEducação
942 _cBK
999 _c60580
_d60580